000 00736nam a2200253Ia 4500
003 OSt
005 20220924133152.0
006 a|||||r|||| 00| 0
007 ta
008 220923b |||||||| |||| 00| 0 urd d
020 _c200
024 _a259108
037 _bMPH/6063/1, 14/01/2012, Modern Publishing House
_cTextual
040 _aARTS
_cARTS
_burd
041 _2urd
_aurd
082 _aY:6.2, 168P9
100 _aMisbahi Afzal Au.
_9177913
245 0 _aIkkisvi sadi ke siyasi aur samaji masail
260 _c2009
300 _a289p.
_ccm.
650 _aSOCIOLOGY
942 _hY:6.2, 168P9
_cTEXL
_2CC
999 _c432832
_d432832